Perspective on the welfare state / (Record no. 124680)

MARC details
000 -LEADER
fixed length control field 00678nam a22002297a 4500
005 - DATE AND TIME OF LATEST TRANSACTION
control field 20170124105942.0
010 ## - LIBRARY OF CONGRESS CONTROL NUMBER
LC control number 456985
020 ## - INTERNATIONAL STANDARD BOOK NUMBER
Terms of availability 00.00
035 ## - SYSTEM CONTROL NUMBER
System control number 456985
037 ## - SOURCE OF ACQUISITION
Source of stock number/acquisition Cen Lib/Ret
040 ## - CATALOGING SOURCE
Original cataloging agency DPL
Language of cataloging EN
082 ## - DEWEY DECIMAL CLASSIFICATION NUMBER
Classification number 320.07
Item number PER
245 ## - TITLE STATEMENT
Title Perspective on the welfare state /
Statement of responsibility, etc edited by S.P. Aiyar
260 ## - PUBLICATION, DISTRIBUTION, ETC. (IMPRINT)
Place of publication, distribution, etc Bombay
Name of publisher, distributor, etc P.C. Manaktala and Sons
Date of publication, distribution, etc 1966
270 ## - ADDRESS
Address Church Gate
City Bombay
300 ## - PHYSICAL DESCRIPTION
Extent xxviii, 384p.
Dimensions 21cm(Hb)
500 ## - GENERAL NOTE
General note Includes bibliographical references and index
650 ## - SUBJECT ADDED ENTRY--TOPICAL TERM
Topical term or geographic name as entry element Political science
9 (RLIN) 73902
650 ## - SUBJECT ADDED ENTRY--TOPICAL TERM
Topical term or geographic name as entry element Social aspects
9 (RLIN) 73903
700 ## - ADDED ENTRY--PERSONAL NAME
Personal name Aiyer, S.P.
9 (RLIN) 73904
942 ## - ADDED ENTRY ELEMENTS (KOHA)
Source of classification or shelving scheme Dewey Decimal Classification
Koha item type English Books
Classification part 320.07
Call number suffix PER
Holdings
Withdrawn status Lost status Damaged status Not for loan Home library Current library Date acquired Source of acquisition Cost, normal purchase price Total Checkouts Full call number Barcode Date last seen Copy number Cost, replacement price Price effective from Koha item type Public note
Written off       Central Library Central Library 18/06/2015 Cen Lib/Ret 0.00   320.07 PER 456985 18/06/2015 1 0.00 18/06/2015 English Books W/d List No. 6889/3 ; dtd 10/09/2020

© Delhi Public Library
Hit Counter
free hit counter